000
00312nam a22001337a 4500
008
241127b |||||||| |||| 00| 0 eng d
020
_a
195620003
050
_a
PN143
_b
.S48
100
_a
Seth,Vikram
245
_a
The Golden Gate
260
_a
Delhi
_b
Oxford University Press
_c
1986
300
_a
307
942
_c
BK
999
_c
1812
_d
1812